000 00267nam a2200109Ia 4500
008 201231s9999 xx 000 0 und d
100 _aBasu, Durga Das
245 0 _aShorter Constitution of India
260 _aNew Delhi
_bPrentuice Hall
300 _a1449
942 _cBK
999 _c9930
_d9930